| 000 | 00673nam a2200217 a 4500 | ||
|---|---|---|---|
| 999 |
_c9026 _d9026 |
||
| 001 | 9026 | ||
| 003 | BD-JhCC | ||
| 005 | 20180307131459.0 | ||
| 008 | 171111s1969 bg |||| ||a| 000 0 ben d | ||
| 035 | _a(BD-JhCC)9026 | ||
| 040 |
_aBD-JhCC _dBD-JhCC |
||
| 041 | _aben | ||
| 082 |
_a923.1 _bKHA 1967 |
||
| 100 | _aখাতুন, ফিরোজা | ||
| 245 |
_aকবি গোলাম মোস্তফা / _cফিরোজা খাতুন (সম্পাদনা) |
||
| 260 |
_aঢাকা : _bবাংলা একাডেমী, _c১৯৬৭. |
||
| 300 |
_a175 p. : _c22 cm. |
||
| 650 | _aBiography | ||
| 942 |
_2ddc _cBK |
||